| 000 | 00565nam a2200181Ia 4500 | ||
|---|---|---|---|
| 008 | 140626s9999 xx 000 0 und d | ||
| 100 | _aRodgers, Todd. | ||
| 245 | 4 |
_aThe Artful dodger : _banswering the wrong question the right way / _cTodd Rodgers ... [et al.]. |
|
| 260 | _cc2011. | ||
| 300 | _a17 : 2, page 139 | ||
| 440 | _aJournal of Experimental Psycholgy : Applied | ||
| 521 | _aPSYCH | ||
| 650 | _aConversational implicature. | ||
| 650 | _aGoal-directed attention. | ||
| 650 | _aGricean norms. | ||
| 650 | _aInattentional blindness. | ||
| 942 | _cSE | ||
| 999 |
_c121312 _d121312 |
||